| 000 | 01091nmc a2200349 a 4500 | ||
|---|---|---|---|
| 003 | AR-BaBNM | ||
| 005 | 20251128210007.0 | ||
| 008 | 238119s1997 ||||||||||||||000 | spa|| | ||
| 020 | _a950-687-038-1 | ||
| 040 | _cAR-BaBNM | ||
| 100 | 1 | _aLinde, Carmen de la | |
| 245 | 1 | 0 |
_aAlgunas reflexiones sobre el lenguaje _bde la lengua al discurso |
| 250 | _a1ª ed. | ||
| 260 |
_aBuenos Aires _bConicet _c1997 |
||
| 300 |
_a127 p. _bil. |
||
| 490 | 0 | _aProciencia Conicet | |
| 500 | _aApéndice p. 99-124 | ||
| 500 | _aEste material forma parte del Proyecto de Lengua | ||
| 504 | _aBibliografía p. 125-127 | ||
| 650 | 4 | _aACTIVIDADES DE APRENDIZAJE | |
| 650 | 4 | _aLINGUISTICA | |
| 650 | 4 | _aSEMIOLOGIA | |
| 650 | 4 | _aDISCURSOS | |
| 650 | 4 | _aIDEOLOGIAS | |
| 650 | 4 | _aFORMACION DE DOCENTES | |
| 653 | _aENSENANZA DE LA LENGUA | ||
| 653 | _aEDUCACION A DISTANCIA | ||
| 710 | 2 |
_aConsejo Nacional de Investigaciones Científicas y Técnicas [Argentina] _bPrograma Prociencia _9CONICET |
|
| 710 | 2 |
_aArgentina _bMinisterio de Cultura y Educación |
|
| 942 | _cBK | ||
| 998 | _cCarmen | ||
| 999 |
_c13627 _d13627 |
||